00457nam a2200157 450000500170000001000150001702000230003203500140005503700130006908200120008210000180009424500500011226000370016227000740019930000260027320190426152225.0 aENG-125093 a8171323448c650.00 aEN-108625 bDBAD/PUB a327.174 aParmar, Leena aWorld peace and disarmament/cby Leena Parmar aJaipurbPointer Publishersc2003 aVyas Building, S.M.S. HighwaybJaipure302003mpointerpub@hotmail.com axxxii,255p.c23cm(Hb)